000
00284nam a22001337a 4500
008
170622b xxu||||| |||| 00| 0 eng d
020
_a
9781597974271
041
_a
eng
080
_a
94
100
_a
16
101
_a
SHH
245
_a
THE OTHER WAR
_c
NEUMANN,R.E
942
_2
udc
_c
BK
999
_c
18813
_d
18813